| 000 | 00796nam a2200217 a 4500 | ||
|---|---|---|---|
| 001 | BRCA_808 | ||
| 005 | 20190320203147.0 | ||
| 008 | 260508s2006----mx-a---###---#000-0#spa-# | ||
| 020 | _a9684234813 | ||
| 050 | 4 |
_aN910.C63 _b.M97 2006 |
|
| 245 | 1 | 0 |
_aMuseo Arocena _bmemoria y presencia _ctextos José Pinto Mazal y Gerardo Traeger M. ; fotografía Gerardo Suter. |
| 260 |
_aMéxico _bBSM : UNAGRA : SOFIHAA : Museo Arocena _c2006 |
||
| 300 |
_a176 p. _bil. a color _c30 cm. |
||
| 500 | _a2do. ejemplar en el Área de Investigación | ||
| 610 | 2 | 4 |
_aMuseo Arocena (Torreón, Coahuila) _xColecciones de arte _92690 |
| 650 | 1 | 4 |
_aArtes decorativas _xMuseos _zMéxico _92691 |
| 700 | 1 |
_aPinto Mazal, José _92692 |
|
| 700 | 1 |
_aTraeger M., Gerardo _92693 |
|
| 700 | 1 |
_aSuter, Gerardo _92694 |
|
| 942 |
_2lcc _cB |
||
| 999 |
_c703 _d703 |
||